| 000 | 00432nam a2200181Ia 4500 | ||
|---|---|---|---|
| 999 |
_c34549 _d34549 |
||
| 003 | 0100 | ||
| 005 | 20180228115450.0 | ||
| 008 | 130303s9999 xx 000 0 und d | ||
| 040 | _cARRUPELIB | ||
| 050 | _aDT779.7.B38 1969 | ||
| 100 |
_aBallinger, Margret _939749 |
||
| 245 |
_aFrom union to apartheid: _ba trek to isolation / |
||
| 260 |
_aCape Town _bJuta and Company Limited _c1969 |
||
| 300 | _a499p. | ||
| 300 | _b 23cm. | ||
| 942 |
_2lcc _cMONOGRAPH |
||